00458 a2200169 4500001000700000020003000007020002500037041000800062100001900070250001000089300001000099490002300109830002300132040002500155245006900180260003900249115331 a9781404801059 (lib. bdg.) a9781404803756 (pbk.) apor aDahl, Michael. a. ed. a24 p. aAnimals all around aAnimals all around aBR-BrIDEAcBR-BrIDEA10aDo goldfish gallop?ba book about animal movementc Michael Dahl a[S.l.]bPicture Window Booksc2003